Recherches sur la végétation de l'Ouest de la France a l'époque tertiaire / (Record no. 153340)
[ view plain ]
| 000 -LEADER | |
|---|---|
| campo de control de longitud fija | 00876nam a22002055i 4500 |
| 001 - NÚMERO DE CONTROL | |
| campo de control | 153340 |
| 003 - IDENTIFICADOR DE NÚMERO DE CONTROL | |
| campo de control | ES-MaACL |
| 005 - FECHA Y HORA DE LA ÚLTIMA TRANSACCIÓN | |
| campo de control | 20250726075204.0 |
| 008 - DATOS DE LONGITUD FIJA--INFORMACIÓN GENERAL | |
| campo de control de longitud fija | 021105s1878 fr f |||| | fre d |
| 040 ## - FUENTE DE CATALOGACIÓN | |
| Centro catalogador/agencia de origen | CCPB | B |
| Lengua de catalogación | spa |
| Centro/agencia transcriptor | CCPB | B |
| 100 1# - ENTRADA PRINCIPAL--NOMBRE DE PERSONA | |
| Nombre de persona | Crié, Louis. |
| 9 (RLIN) | 126643 |
| 245 10 - MENCIÓN DEL TÍTULO | |
| Título | Recherches sur la végétation de l'Ouest de la France a l'époque tertiaire / |
| Mención de responsabilidad, etc. | par M. Crié. |
| 260 ## - PUBLICACIÓN, DISTRIBUCIÓN, ETC. | |
| Lugar de publicación, distribución, etc. | Paris : |
| Nombre del editor, distribuidor, etc. | G. Masson, |
| Fecha de publicación, distribución, etc. | 1878. |
| 300 ## - DESCRIPCIÓN FÍSICA | |
| Extensión | 72 p., 15 h. de grab. ; |
| Dimensiones | 25 cm. |
| 490 1# - MENCIÓN DE SERIE | |
| Mención de serie | Bibliothèque de l'École des Hautes Études. Section des Sciences Naturelles . Tome XVIII ; |
| Designación de volumen o secuencia | Article 2 |
| 650 #4 - PUNTO DE ACCESO ADICIONAL DE MATERIA--TÉRMINO DE MATERIA | |
| Término de materia o nombre geográfico como elemento de entrada | Plantas fósiles- |
| Subdivisión geográfica | Francia. |
| 9 (RLIN) | 136707 |
| 830 00 - PUNTO DE ACCESO ADICIONAL DE SERIE-TÍTULO UNIFORME | |
| Título uniforme | Bibliothèque de l'École des Hautes Études. Section des sciences naturelles |
| Designación de volumen o secuencia | Article 2 |
| 9 (RLIN) | 181413 |
| 852 ## - LOCALIZACIÓN | |
| Ubicación | ES-MaACL |
| Número de control de estantería | G-11021(2) |
| Nota libre | -- Enc. hol. |
| -- | -- Enc. en un vol. facticio |
| Estatus retirado | Estado de pérdida | Estado de daño | No para préstamo | Colección | Biblioteca de origen | Biblioteca actual | Ubicación en estantería | Fecha de adquisición | Total de préstamos | Signatura topográfica completa | Código de barras | Visto por última vez | Precio de reemplazo | Tipo de ítem Koha |
|---|---|---|---|---|---|---|---|---|---|---|---|---|---|---|
| Libros del s. XIX | Biblioteca del Ateneo de Madrid | Biblioteca del Ateneo de Madrid | Sala Pecera Planta 3 | 17/01/2008 | G-11021(2) | 1160250 | 23/02/2023 | 23/02/2023 | Libro impreso antiguo |
